Guess the One Direction song with no hints #26 - Statistics

General Stats
  • This quiz has been taken 50 times
  • The average score is 232 of 344
Answer Stats
Answer % Correct
a
100%
I
100%
you
100%
you,
100%
no
95%
we
95%
your
95%
be
93%
the
93%
The
93%
to
93%
What
93%
you're
93%
and
90%
And
90%
In
88%
in
88%
me
88%
my
88%
When
88%
is
83%
I'm
81%
It's
81%
it's
81%
of
81%
can't
79%
her
79%
not
79%
I've
74%
there
74%
could
71%
don't
71%
now
71%
now,
71%
that
71%
down
69%
got
69%
here
69%
too
69%
But
67%
right
67%
this,
67%
feeling
64%
she's
64%
you've
64%
out
62%
way
62%
eyes,
60%
eyes
60%
hold
60%
like
60%
long
60%
With
60%
am
57%
are
57%
arms
55%
there's
55%
There's
55%
time?
55%
beside
52%
something
52%
they're
52%
tonight
52%
holdin'
50%
Holdin'
50%
light
50%
mine
50%
wish
50%
late,
48%
late?
48%
Tell
48%
tell
48%
let
45%
stars,
45%
close
43%
dance,
43%
Everybody
43%
Holding
43%
Through
43%
through
43%
fell
40%
ran
40%
runnin'
40%
watching
40%
wire,
40%
wire
40%
both
38%
em
38%
lies,
38%
lies
38%
missing
38%
question,
38%
sky
38%
air
36%
around
36%
back
36%
back,
36%
catching
36%
dress
36%
king
36%
wild
36%
needs
33%
running
33%
somehow
33%
someone
33%
disguise
31%
started
31%
believe
29%
tie
29%
Whatever
29%
change
26%
imaginin'
21%
chains
19%
No matching quizzes found
Score Distribution
Percent of People with Each Score
Percentile by Number Answered
Your Score History
You have not taken this quiz